[Event "AUTO-ADV-4551"]
[Site "http://www.queenalice.com/game.php?id=1772767"]
[Date "2021.10.21"]
[Round "1"]
[White "carver"]
[Black "pariolinius"]
[Result "1-0"]
[WhiteElo "2023"]
[BlackElo "1816"]

1. d4 g6 2. c4 Bg7 3. Bf4 d6 4. Nc3 Nf6 5. e3 O-O 6. h3 Nbd7 7. Bg3 Re8 8. Be2
e5 9. d5 a5 10. e4 Nc5 11. Bd3 Nxd3+ 12. Qxd3 b6 13. Nf3 Ba6 14. b3 Nh5 15. Ne2
Nf4 16. Bxf4 exf4 17. Rd1 Qf6 18. O-O Re7 19. Nfd4 Bb7 20. f3 g5 21. Nf5 Ree8
22. Ned4 Rac8 23. a4 c5 24. dxc6 Bxc6 25. Nb5 Bxb5 26. axb5 Rcd8 27. Rd2 Bf8 28.
Rfd1 h5 29. Qd4 Qe6 30. Qxb6 d5 31. Qxe6 fxe6 32. Nd4 Bb4 33. Rd3 Bc5 34. Kf1
Bxd4 35. Rxd4 Re7 36. exd5 exd5 37. Rxd5 Rde8 38. Rd8 Kf7 39. Rxe8 Rxe8 40. b6
Rb8 41. c5 Ke7 42. Kf2 Rb7 43. Rd5 Ke6 44. Rxg5 h4 45. Ke2 Kf6 46. Rh5 Ke6 47.
Kd3 Rd7+ 48. Kc4 1-0

[Event "AUTO-ADV-4551"]
[Site "http://www.queenalice.com/game.php?id=1772776"]
[Date "2021.10.21"]
[Round "1"]
[White "BeatifulDevil56"]
[Black "carver"]
[Result "0-1"]
[WhiteElo "1935"]
[BlackElo "2010"]

1. d4 d5 2. Nf3 c5 3. dxc5 Nc6 4. e3 Bg4 5. Be2 e6 6. Bb5 Bxc5 7. Bxc6+ bxc6 8.
a3 Nf6 9. h3 Bh5 10. b4 Bb6 11. Nbd2 O-O 12. g4 Bg6 13. Bb2 Be4 14. Nxe4 Nxe4
15. Qd3 c5 16. bxc5 Bxc5 17. Qc3 Nxc3 0-1

[Event "AUTO-ADV-4551"]
[Site "http://www.queenalice.com/game.php?id=1772777"]
[Date "2021.10.21"]
[Round "1"]
[White "carver"]
[Black "BeatifulDevil56"]
[Result "0-1"]
[WhiteElo "2100"]
[BlackElo "1887"]

1. d4 d5 2. c4 dxc4 3. Nc3 e6 4. Bf4 Nc6 5. e3 Bb4 6. Bxc4 Bxc3+ 7. bxc3 Nf6 8.
Nf3 Nd5 9. Bxd5 Qxd5 10. Bxc7 O-O 11. Qb3 Qxb3 12. axb3 f6 13. Bg3 Re8 14. O-O
b5 15. Bd6 Bb7 16. Bc5 a5 17. Ne1 b4 18. cxb4 axb4 19. Nd3 Rxa1 20. Rxa1 Ra8 21.
Rxa8+ Bxa8 22. Nxb4 Nxb4 23. Bxb4 Bd5 24. f4 Bxb3 25. Kf2 Bc2 26. h4 Be4 27. g3
Kf7 28. Bc5 f5 29. Bd6 Kg6 30. Be5 Kh6 31. Bd6 Kh5 32. Be5 g6 33. Bg7 Kg4 34.
Bh6 Kh5 0-1

[Event "AUTO-OPEN-4264"]
[Site "http://www.queenalice.com/game.php?id=1774025"]
[Date "2021.11.4"]
[Round "2"]
[White "carver"]
[Black "Rog3rJJ"]
[Result "0-1"]
[WhiteElo "2099"]
[BlackElo "2226"]

1. d4 Nf6 2. c4 g6 3. Nc3 d5 4. Bf4 Bg7 5. e3 O-O 6. Nf3 c5 7. cxd5 Nxd5 8. Bg3
Nxc3 9. bxc3 Qa5 10. Qb3 Be6 11. Qc2 Nc6 12. Bd3 cxd4 13. exd4 Nxd4 14. Nxd4
Bxd4 15. O-O Qxc3 16. Rac1 Rac8 17. Bf4 Qxc2 18. Rxc2 Rxc2 19. Bxc2 Bxa2 0-1

[Event "AUTO-OPEN-4264"]
[Site "http://www.queenalice.com/game.php?id=1774026"]
[Date "2021.11.4"]
[Round "2"]
[White "Rog3rJJ"]
[Black "carver"]
[Result "1-0"]
[WhiteElo "2249"]
[BlackElo "2054"]

1. e4 e5 2. Nf3 Nc6 3. Bb5 d6 4. a4 Bd7 5. c3 Nf6 6. Qe2 a6 7. Bc4 h6 8. h3 Na5
9. Ba2 Be7 10. d4 Nc6 11. O-O Qc8 12. Kh2 Nd8 13. dxe5 dxe5 14. Nxe5 Bd6 15. f4
Be6 16. Nc4 Bc5 17. b4 Ba7 18. f5 Bd7 19. e5 Nh7 20. e6 fxe6 21. fxe6 Bxe6 22.
Qh5+ Nf7 23. Ne5 1-0

[Event "AUTO-MASTER-3036"]
[Site "http://www.queenalice.com/game.php?id=1775527"]
[Date "2021.11.23"]
[Round "3"]
[White "noroc"]
[Black "carver"]
[Result "1-0"]
[WhiteElo "2205"]
[BlackElo "2109"]

1. d4 d5 2. Nf3 c5 3. dxc5 Nc6 4. e3 Bg4 5. Nc3 e6 6. Be2 Bxc5 7. O-O Nf6 8. Na4
Bd6 9. c4 Qc7 10. c5 Be7 11. a3 Bxf3 12. Bxf3 Ne5 13. Be2 Bxc5 14. Nxc5 Qxc5 15.
Bd2 a5 16. b4 1-0

[Event "AUTO-MASTER-3036"]
[Site "http://www.queenalice.com/game.php?id=1775528"]
[Date "2021.11.23"]
[Round "3"]
[White "carver"]
[Black "noroc"]
[Result "0-1"]
[WhiteElo "2076"]
[BlackElo "2214"]

1. d4 Nf6 2. c4 e6 3. Nc3 d5 4. Bg5 dxc4 5. e4 Be7 6. Bxc4 O-O 7. Nf3 Nbd7 8.
O-O b6 9. Re1 Bb7 10. Qe2 c5 11. d5 exd5 12. exd5 Bd6 13. Qd2 h6 14. Ne4 Nxe4
15. Bxd8 Nxd2 16. Nxd2 Raxd8 17. Rad1 Ne5 18. h3 Nxc4 19. Nxc4 Bf4 20. g3 Bg5
0-1

[Event "AUTO-MASTER-3036"]
[Site "http://www.queenalice.com/game.php?id=1775531"]
[Date "2021.11.23"]
[Round "3"]
[White "carver"]
[Black "Alexandrovinsk"]
[Result "0-1"]
[WhiteElo "2060"]
[BlackElo "2314"]

1. d4 d5 2. c4 c6 3. Nc3 e6 4. a3 Nf6 5. c5 a5 6. Bg5 Be7 7. Nf3 O-O 8. e3 b5 9.
b4 Nbd7 10. Bd3 h6 11. Bf4 Nh5 12. Be5 Nhf6 13. O-O Nxe5 14. Nxe5 Bb7 15. Qe2
Qc7 16. Rfb1 Rfb8 17. h3 Bc8 18. Ra2 Bd7 0-1

[Event "AUTO-MASTER-3036"]
[Site "http://www.queenalice.com/game.php?id=1775532"]
[Date "2021.11.23"]
[Round "3"]
[White "Alexandrovinsk"]
[Black "carver"]
[Result "1-0"]
[WhiteElo "2309"]
[BlackElo "2066"]

1. e4 e5 2. Nf3 Nc6 3. Bb5 d6 4. O-O Nf6 5. d4 a6 6. Ba4 b5 7. Bb3 Bg4 8. d5 Nd4
9. Nbd2 Bxf3 10. Nxf3 Nxb3 11. axb3 Nxe4 12. Qe2 Nc5 13. Be3 Nd7 14. b4 Be7 15.
Ra5 Nb6 16. Bxb6 cxb6 17. Rxa6 O-O 18. Rfa1 Rxa6 19. Rxa6 Qc7 20. c3 Qb7 21.
Qxb5 Ra8 22. Ra3 h6 23. Nd2 1-0

[Event "AUTO-ADV-4545"]
[Site "http://www.queenalice.com/game.php?id=1776124"]
[Date "2021.12.3"]
[Round "2"]
[White "chessman"]
[Black "carver"]
[Result "0-1"]
[WhiteElo "1930"]
[BlackElo "2089"]

1. e4 e5 2. Nf3 Nc6 3. Bb5 d6 4. Bxc6+ bxc6 5. d4 exd4 6. Nxd4 c5 7. Nf3 Bg4 8.
O-O Qf6 9. Nbd2 g6 10. Re1 Qe6 11. b3 Bg7 12. Rb1 Ne7 13. Bb2 O-O 14. Bxg7 Kxg7
15. c4 Kg8 16. Nf1 Nc6 17. Qd5 Nb4 18. Qxe6 fxe6 19. N1d2 e5 20. a3 Nc2 21. Rec1
Nd4 22. Kf1 Nxf3 23. gxf3 Bxf3 24. Nxf3 Rxf3 25. Kg2 Raf8 26. Rf1 R8f4 27. Rb2
g5 28. h3 Kg7 29. a4 a5 30. Rbb1 Kg6 31. Rb2 h5 32. Rbb1 g4 33. hxg4 hxg4 34.
Rb2 Rh3 35. Re1 Rff3 0-1

[Event "AUTO-ADV-4545"]
[Site "http://www.queenalice.com/game.php?id=1776125"]
[Date "2021.12.3"]
[Round "2"]
[White "carver"]
[Black "chessman"]
[Result "1-0"]
[WhiteElo "2077"]
[BlackElo "1965"]

1. d4 d5 2. c4 c6 3. Nc3 Nf6 4. Nf3 e6 5. a3 Be7 6. c5 O-O 7. Bf4 b6 8. b4 b5 9.
e3 a5 10. Bd3 h6 11. O-O Nbd7 12. Ne5 Bb7 13. Qf3 axb4 14. axb4 Nxe5 15. dxe5
Nh7 16. Qg3 Bg5 17. Ne2 Bxf4 18. Nxf4 Qg5 19. Ne2 f5 20. f4 Qd8 21. Nd4 Qd7 22.
Be2 Rfe8 23. Bh5 Rxa1 24. Rxa1 Ra8 25. Rxa8+ Bxa8 26. Qg6 Nf8 27. Qe8 Bb7 28.
Qxd7 Nxd7 29. Nxe6 1-0